| 000 | 00675cam a22001934a 4500 | ||
|---|---|---|---|
| 005 | 20250605164346.0 | ||
| 008 | 250528s ||||||||||||||||||||||||d | ||
| 035 | _a23896 | ||
| 040 |
_aGR-AtMCL _bgre _dGR-AtMCL _eAACR2 |
||
| 245 | 1 | _aThe Multisensory Perception of Flavour / Charles Spence on His Mouthwatering Research | |
| 260 | _c2010 | ||
| 300 | _a87 | ||
| 520 | _aThe Journey to Undergraduate Psychology, Communication From the Condemned, Pleased to Tweet You, Methods: Improving the Student Participant Experience. | ||
| 700 | 1 |
_aSutton Jon _99351 |
|
| 942 | _cCR | ||
| 710 | 2 |
_aThe British Psychological Society _99823 |
|
| 999 |
_c8814 _d8814 |
||